Countries that end in D - Statistics

General Stats
  • This quiz has been taken 103 times
  • The average score is 6 of 9
Answer Stats
Continent Answer % Correct
Europe Finland
85%
Europe Iceland
85%
Europe Ireland (Republic of)
82%
Oceania New Zealand
82%
Europe Poland
78%
Europe Switzerland
63%
Asia Thailand
60%
Africa Chad
50%
Europe United Kingdom
21%
No matching quizzes found
Score Distribution
Percent of People with Each Score
Percentile by Number Answered
Your Score History
You have not taken this quiz